banner-ar

مدن الفنون المشهورة : (Record no. 62240)

MARC details
000 -الفاتح
حقل البيانات ثابتة الطول 01285nam a22003017a 4500
005 - وقت وتاريخ اخر تعامل مع التسجيلة
رقم الضبط 20240530110540.0
008 - عناصر البيانات ثابتة الطول - معلومات عامة
حقل البيانات ثابتة الطول 160507s2013 ua o f 000 0 ara d
017 ## - رقم الايداع القانونى
رقم الايداع القانونى 2013/14123
المصدر ( الهيئة المختصة) مصر . دار الكتب المصرية
020 ## - الرقم الدولى المعيارى للكتب
الرقم الدولى المعيارى للكتاب 9789774484612
040 ## - مصدر الفهرسة
وكالة الفهرسة الأصلية EG-CaGPL
082 04 - رقم تصنيف ديوى العشرى
رقم الطبعة 21
رقم التصنيف 916.216
رقم المادة ق/م م
100 1# - المدخل الرئيسى - إسم شخصى
الإسم الشخصى ميجون ، جاستون .
245 10 - بيان العنوان
العنوان مدن الفنون المشهورة :
بقية العنوان النيل و مفيس : القاهرة 1906 : الف تسعمائة و ستة /
بيان المسئوليه,etc تاليف جاستون ميجون ؛ ترجمة مدحت عايد فهمى ؛ مراجعة فتحى حافظ الحديدى .
250 ## - بيان الطبعة
بيان الطبعة ط1.
260 ## - PUBLICATION, DISTRIBUTION, ETC. (IMPRINT)
تاريخ النشر أو التوزيع 2013 .
300 ## - الوصف المادى
التعداد 135 ص :
تفاصيل ماديه اخرى للوعاء ايض ؛
أبعاد الوعاء 24 سم .
490 0# - بيان السلسلة
عنوان السلسلة سلسلة القاهرة
650 04 - المدخل الاضافى بالموضوع-مصطلح موضوعى
مصطلح موضوعي الاهرام .
650 04 - المدخل الاضافى بالموضوع-مصطلح موضوعى
مصطلح موضوعي المساجد
التقسيم الفرعي الزمني القاهرة .
650 04 - المدخل الاضافى بالموضوع-مصطلح موضوعى
مصطلح موضوعي المتاحف
التقسيم الفرعي الزمني القاهرة .
650 04 - المدخل الاضافى بالموضوع-مصطلح موضوعى
مصطلح موضوعي ممفيس .
650 04 - المدخل الاضافى بالموضوع-مصطلح موضوعى
مصطلح موضوعي المقابر
التقسيم الفرعي الزمني القاهرة .
651 04 - المدخل الاضافى بالموضوع - اسم جغرافى
الاسم الجغرافي القاهرة
التقسيم الفرعي العام وصف و رحلات .
700 0# - المدخل الاضافى - اسم شخصى
الإسم الشخصى مدحت عايد فهمى
الدور مترجم .
700 0# - المدخل الاضافى - اسم شخصى
الإسم الشخصى فتحى حافظ الحديدى
الدور مراجع .
942 ## - عناصر المدخل الإضافي( كوها)
مصدر التصنيف او مخطط الترفيف Dewey Decimal Classification
Koha [default] item type كتاب
260 ## - PUBLICATION, DISTRIBUTION, ETC. (IMPRINT)
-- القاهرة :
-- الهيئة المصرية العامة للكتاب ،
Holdings
حالة التراجع حالة الفقد حالة تلف ليس للاعارة المكان المؤقت الموقع الحالى تاريخ الاكتساب اجمالي اﻻعارات رقم الطلب الباركود تاريخ اخر مشاهدة تاريخ تفعيل السعر نوع وعاء كوها
        مكتبة القاهرة الكبرى مكتبة القاهرة الكبرى 05/07/2016   916.216 ق/م م 161902 05/07/2016 05/07/2016 كتاب

Powered By

EGPV